| 000 | 00649cam a22002172 4500 | ||
|---|---|---|---|
| 001 | 0000001911 | ||
| 005 | 20151217145726.0 | ||
| 008 | 070329s xx 000 0 eng d | ||
| 020 |
_a0074600680 : _cKES 550 |
||
| 040 |
_aKABU _cKABU |
||
| 050 | 0 |
_aHD69 _b.P75C46 1988 |
|
| 100 | 1 |
_aChoudhury, S. _@0000151003 |
|
| 245 | 1 | 0 |
_aProject management / _cS. Choudhury. |
| 260 |
_aNew Delhi : _bTata McGraw-Hill, _cc1988. |
||
| 300 | _a244 p. | ||
| 650 | 0 |
_aProject management. _@0000148291 |
|
| 908 | _a070329 | ||
| 950 | _@1 | ||
| 999 |
_c1950 _d1950 |
||